000 00446nam a2200169Ia 4500
008 241115s9999 xx 000 0 und d
020 _a0-13-082451-8
082 _a005.456 IRV
100 _aIrvine, Kip . R
245 0 _aAssembly Language for Intel -Based Computers
250 _a3rd ed.
260 _aNew Jersey:
_bPrintice Hall,
_c1999
300 _axxiv,676p.
600 _aComputer Science
650 _aComputer Science
942 _cBBD
999 _c26145
_d26145